| Tag |
First Indicator |
Second Indicator |
Subfields |
| LEADER |
00000pam a22000004a 4500 |
| 001 |
in00001774521 |
| 005 |
20151025091412.0 |
| 008 |
021202s2003 nhuab b 001 0 eng |
| 010 |
|
|
|a 2002042940
|
| 020 |
|
|
|a 1578082641
|
| 020 |
|
|
|a 2876145413
|
| 035 |
|
|
|a (OCoLC)ocm51203670
|
| 040 |
|
|
|a DLC
|c DLC
|d YDX
|d TXA
|d UtOrBLW
|
| 041 |
1 |
|
|a eng
|h fre
|
| 042 |
|
|
|a pcc
|
| 043 |
|
|
|a w------
|
| 049 |
|
|
|a TXAM
|
| 050 |
0 |
0 |
|a SB123
|b .D5613 2003
|
| 082 |
0 |
0 |
|a 631.5/233/0913
|2 21
|
| 130 |
0 |
|
|a Diversité génétique des plantes tropicales cultivées.
|l English.
|
| 245 |
1 |
0 |
|a Genetic diversity of cultivated tropical plants /
|c scientific editors, Perla Hamon [and others].
|
| 264 |
|
1 |
|a Enfield, NH :
|b Science Publishers ;
|a France :
|b CIRAD,
|c [2003]
|
| 264 |
|
4 |
|c ©2003
|
| 300 |
|
|
|a xvi, 359 pages :
|b illustrations, maps ;
|c 25 cm.
|
| 336 |
|
|
|a text
|b txt
|2 rdacontent
|
| 337 |
|
|
|a unmediated
|b n
|2 rdamedia
|
| 338 |
|
|
|a volume
|b nc
|2 rdacarrier
|
| 504 |
|
|
|a Includes bibliographical references and index.
|
| 650 |
|
0 |
|a Plant breeding
|z Tropics.
|
| 650 |
|
0 |
|a Crops
|z Tropics
|x Genetics.
|
| 650 |
|
0 |
|a Tropical crops
|x Genetics.
|
| 700 |
1 |
|
|a Hamon, Perla.
|
| 710 |
2 |
|
|a CIRAD (Organization)
|
| 994 |
|
|
|a E0
|b TXA
|
| 948 |
|
|
|a cataloged
|b h
|c 2003/8/25
|d c
|e bwalker
|f 12:45:32 pm
|
| 999 |
|
|
|a MARS
|
| 999 |
f |
f |
|s 2021e15e-009b-31bd-9a4c-ebef5ef966f3
|i 34c2ee0e-2004-396a-a28b-cd43f3f04471
|t 0
|
| 952 |
f |
f |
|p ric
|a Texas A&M University
|b Rellis Campus
|c Joint Library Facility
|d Remote Storage
|t 0
|e SB123 .D5613 2003
|h Library of Congress classification
|i unmediated -- volume
|m A14830476783
|
| 998 |
f |
f |
|a SB123 .D5613 2003
|t 0
|l Remote Storage
|